000 00314nam a22001337a 4500
008 181031b xxu||||| |||| 00| 0 eng d
020 _a394355784
041 _aeng
080 _a330.722
100 _a61
101 _aKON
245 _aFinancial Accouting Student Mastery Guide
_cEskew,R,K
942 _2udc
_cBK
999 _c51281
_d51281